| 000 | 00967nam a22002297a 4500 | ||
|---|---|---|---|
| 010 | _aBAC-CH25 | ||
| 020 |
_a9788171870080 _c375.00 |
||
| 020 |
_a8171870082 _c375.00 |
||
| 035 | _aB-556090-113 | ||
| 037 |
_aDPL _bUBH/vendor |
||
| 082 | _aS | ||
| 100 | _aDoyle, Arthur Conan | ||
| 245 |
_aThe original short stories of Sherlock Holmes/ _cby Sir Arthur Conan Doyle |
||
| 250 | _a1st Edition | ||
| 260 |
_aNew Delhi _bBook Palace _c2013(repr) |
||
| 270 |
_a4598/12-B, Gola Cottage, Daryaganj _bNew Delhi _e110002 _k23277655, 23287586 _l91-11-23276646 |
||
| 300 |
_a1292p. _c22cm. (pbk) |
||
| 500 | _aSeven books in one volume | ||
| 505 | _aThe adventures of Sherlock Holmes.-The return of Sherlock Holmes.-Memoirs of Sherlock Holmes.-The case book of Sherlock Holmes.-The hound of Baskervilles.-A study in scarlet.-The sign of four. | ||
| 942 |
_2ddc _cCH _hS _mDOY |
||
| 999 |
_c86750 _d86750 |
||